[Event "YUG Cup"]
[Site "Ulcinj"]
[Date "1998.??.??"]
[Round "5"]
[White "Beliavsky, Alexander G"]
[Black "Khalifman, Alexander"]
[Result "1-0"]
[WhiteElo "2690"]
[BlackElo "2660"]
[Annotator "Bulletin"]
[PlyCount "91"]
[EventDate "1998.??.??"]
[EventType "team"]
[EventRounds "7"]
[EventCountry "YUG"]
[SourceTitle "EXT 1999"]
[Source "ChessBase"]
[SourceDate "1998.11.16"]
[SourceVersion "1"]
[SourceVersionDate "1998.11.16"]
[SourceQuality "1"]

1. d4 d5 2. c4 c6 3. Nf3 Nf6 4. Nc3 e6 5. Bg5 dxc4 6. e4 b5 7. e5 h6 8. Bh4 g5
9. Nxg5 hxg5 10. Bxg5 Nbd7 11. exf6 Bb7 12. g3 c5 13. d5 Qb6 14. Bg2 O-O-O 15.
O-O b4 16. Na4 Qa6 17. a3 Bxd5 18. axb4 $146 (18. Bxd5 Ne5 19. axb4 (19. Nxc5
Bxc5 20. axb4 Bxf2+ 21. Rxf2 Rxd5 (21... Qb6 22. Bxe6+ (22. Qe2 {... 1-0(43)
Pelletier,Y-Berezin,O/Halle WchJ 1995}) 22... Qxe6 23. Qe2 $16) 22. Qf1 {
... 1-0(64) Novikov,I-Nadera,B/op, Calcutta IND 1996} (22. Rxa6 {... 1/2-1/2
(39) Granda Zuniga,J-Chernin,A/Rapid, Villarrobledo ESP 1997})) 19... Rxd5 20.
Qe2 cxb4 21. Nc3 Qc6 (21... Ra5 22. Rxa5 Qxa5 23. Ne4 Nd3 24. b3 Qe5 25. Rd1 (
25. Rc1 $6 Nxc1 26. Qxc4+ Qc7 27. Qxc1 Qxc1+ 28. Bxc1 a5 $1 29. g4 Kd7 30. Kg2
Bd6 $19 {Lutz,Ch-Piket,J/WDR TV-Cup/1994/ CBM 42 Knaak}) (25. Rc1 {- 61/(459)})
25... Qb2 {... 0-1(39) Rogozenko,D-Tella,J/Open 1998} (25... Nc5 $2 {...1-0(41)
Korchnoi,V-Lutz,C/Horgen CS 1994/CBM 43/})) 22. Nxd5 Qxd5 23. f3 Nd3 (23...
Bc5+ {... 1-0(31) Efremov,R-Yasinsky,V/Moscow op 1995}) 24. h4 Bc5+ (24... b3 {
... 1-0(58) Khalifman,A-Ivanchuk,V/President's Cup 1998}) 25. Kg2 Kb7 26. Ra5
$16 {... 1-0(47) Ivanchuk,V-Shirov,A/Novgorod/1994/} (26. Rfd1 Rd8 27. b3 (27.
Ra5 {... 0-1(39) Bukal,V-Pavasovic,D/Bled op 1995}) 27... c3 28. Ra5 {... 1/
2-1/2(32) Kharitonov,A-Shabanov,Y/Moscow 1995/Inf 63/})) 18... Bxg2 $8 (18...
cxb4 $4 19. Nc3 $18) 19. Kxg2 $8 Qc6+ (19... cxb4 $5) 20. f3 $8 (20. Qf3 $4
Rxh2+ $19) (20. Kg1 $4 Ne5 $19) 20... cxb4 $8 21. Qe2 (21. Qd4 $5 Qd5 (21...
Kb7 $140 $2 22. Be3 $1 $16) 22. Qxa7 Qxg5 23. Qa8+ Kc7 24. Qa7+ Kc8 $11) 21...
Bd6 $1 22. Rfd1 (22. Rfc1 Ne5 23. b3 $140 $2 Rxh2+ $1 24. Kxh2 $8 Nxf3+ 25. Kh3
$8 Nxg5+ 26. Kg4 Nf3 $3 27. Rxc4 (27. Qxf3 Rg8+ $19) 27... Ne5+ 28. Qxe5 Qxc4+
29. bxc4 Bxe5 $19) 22... Ne5 (22... Rdg8 23. h4 $13) 23. Rxd6 $1 Qxd6 $8 24.
Bf4 $8 Rh5 $6 (24... Qd3 $1 {(Khalifman)} 25. Qxe5 $8 Qc2+ 26. Kf1 $8 Rd1+ 27.
Rxd1 $8 Qxd1+ 28. Kg2 (28. Qe1 Qxa4 (28... Qxe1+ 29. Kxe1 Rxh2 $13) 29. Qe5 Kb7
30. Qc7+ Ka8 31. Qxc4 Qa1+ 32. Bc1 $44) 28... Qc2+ 29. Kf1 $8 Qd1+ $11) 25. Re1
$8 (25. g4 $4 Qd3 $19) 25... Qc6 $1 26. Bxe5 $8 Rd5 $8 27. Bf4 $8 Qxa4 $8 28.
g4 (28. Rc1 $5) 28... Rd4 $8 (28... Rh8 $4 29. Qxc4+ Kb7 (29... Kd7 30. Qc7+
Ke8 31. Qe7#) 30. Qc7+ Ka8 31. Ra1 $1 Rd7 (31... Qxa1 $140 32. Qc6#) 32. Rxa4
Rxc7 33. Bxc7 $18) 29. gxh5 Rxf4 $8 30. Kg3 (30. h6 Qb5 (30... Rh4 $2 31. Kg3
$1 Rxh6 $8 32. Qxc4+ Kb7 33. Rc1 Rg6+ 34. Kf2 $18) 31. Qe5 Qxe5 (31... Rf5 32.
Qxb5 Rxb5 33. Re4 c3 $11) 32. Rxe5 Rxf6 33. Rh5 Rg6+ $8 34. Kf2 Rg8 $8 35. Rc5+
Kd7 36. Rxc4 Rh8 37. Rh4 Ke7 $11) 30... Rd4 $8 (30... Rxf6 $4 31. Qxc4+ $18)
31. h6 Qa5 32. Qe3 Qc7+ (32... Qd8 $5 33. Qe5 (33. h7 $140 $2 Qxf6 34. Qe5 Qg6+
$1 (34... Qh4+ 35. Kg2 Rd2+ 36. Kh1 Rxh2+ 37. Qxh2 Qxe1+ $11) 35. Kf2 $8 Rd2+
$8 36. Re2 $8 Rxe2+ $8 37. Kxe2 (37. Qxe2 Qxh7 38. Qxc4+ Kd8 $17) 37... Qxh7
$17) (33. Qg5 Rd5 $13) 33... Qg8+ $1 34. Kf2 $8 (34. Kh3 $4 Rd5 $19) 34... Rd2+
35. Re2 Rd1 (35... Rxe2+ $2 36. Qxe2 $18) 36. Qc5+ Kd8 $8 37. Qe7+ Kc8 38. Qc5+
$11) 33. Qe5 (33. Kg2 $5) 33... Rd8 (33... a5 $2 34. Qxc7+ Kxc7 35. Re4 $5 Rxe4
$140 36. h7 $1 $18) 34. Kg4 $2 (34. Qxc7+ $1 Kxc7 35. Re4 Rh8 (35... Rg8+ 36.
Kf4 $16) 36. Rxc4+ Kd6 37. Rxb4 Rxh6 38. Rb7 Rg6+ 39. Kf2 Rxf6 40. Rxa7 Rh6 41.
Kg3 Rg6+ 42. Kf4 Rh6 43. Rxf7 Rxh2 44. Rb7 $16) 34... Rh8 35. Kh5 a5 36. f4
Qxe5+ $4 (36... Qc6 {(D.Velimirovic)} 37. Re3 (37. Qxa5 $140 $4 Qf3+ $19) 37...
Qd5 $5 (37... Rd8 38. h7 Rh8 39. Kh6 Qg2 40. f5 Qg8 $3 41. Qc5+ $8 Kb8 42. Qb5+
Kc8 $1 (42... Ka8 $4 43. Qxa5+ $18) 43. Qxc4+ Kb8 44. Qb5+ Kc8 45. Qc6+ Kb8 46.
Qb6+ Kc8 $11) 38. Qxd5 exd5 39. Re5 (39. Re7 $2 c3 40. bxc3 bxc3 $19) 39... c3
40. bxc3 b3 41. Rxd5 a4 42. Rb5 Kd7 43. Rb4 Ra8 44. h7 a3 45. Rb7+ Ke6 46. Ra7
Rh8 47. Rxa3 b2 48. Rb3 Rxh7+ 49. Kg5 Rxh2 $11) (36... c3 37. f5 $2 (37. bxc3
b3 $1 38. Qb5 $1 (38. Qxc7+ $2 Kxc7 39. Ra1 b2 40. Rb1 Rb8 41. h7 a4 $19 42.
Rxb2 $140 Rxb2 43. h8=Q Rxh2+) (38. Ra1 b2 39. Rb1 Qc6 $1 $19) 38... Qxc3 39.
Qa6+ Kc7 40. Qa7+ Kc6 41. Qa6+ Kc7 $11 (41... Kc5 $4 42. Re5+ $18)) 37... Qxe5
38. Rxe5 cxb2 39. Re1 exf5 $19) 37. Rxe5 $18 Kb7 38. Rxa5 Kb6 39. Rg5 Kc6 (
39... c3 40. bxc3 bxc3 41. Rg3 Rc8 42. h7 c2 43. Rg1 Kc5 44. Rc1 Kd4 45. Kh6
$18 (45. Rxc2 $4 Rxc2 46. Kh6 Rxh2+ 47. Kg7 e5 $19)) (39... b3 40. Rg7 $1 Kc6 (
40... c3 41. Rg3 $18) 41. Rxf7 c3 42. Re7 Kd6 43. f5 $18) 40. h4 Kb6 41. Rg7 $1
b3 42. Rxf7 c3 43. Rg7 c2 44. Rg1 Kc5 45. f7 Kd6 46. Rg8 1-0

[Event "ESP-ch ko"]
[Site "Ayamonte"]
[Date "2007.11.13"]
[Round "3.1"]
[White "San Segundo Carrillo, Pablo"]
[Black "Illescas Cordoba, Miguel"]
[Result "1/2-1/2"]
[WhiteElo "2536"]
[BlackElo "2598"]
[Annotator "CB"]
[PlyCount "97"]
[EventDate "2007.11.09"]
[EventType "k.o."]
[EventRounds "4"]
[EventCountry "ESP"]
[SourceTitle "EXT 2008"]
[Source "ChessBase"]
[SourceDate "2007.11.25"]
[SourceVersion "1"]
[SourceVersionDate "2007.11.25"]
[SourceQuality "1"]

1. d4 d5 2. c4 c6 3. Nf3 Nf6 4. Nc3 e6 5. Bg5 dxc4 6. e4 b5 7. e5 h6 8. Bh4 g5
9. exf6 gxh4 10. Ne5 Qxf6 11. a4 c5 12. Be2 cxd4 13. Qxd4 Nd7 14. Qe4 Qxe5 15.
Qxa8 Nb6 (15... Bb4 16. O-O Ke7 17. Qf3 Bd6 18. Qh3 b4 19. Nb5 Qxe2 20. Qxh4+
f6 21. Rfe1 Qxb2 22. Rab1 Qd2 23. Qg4 Kf8 24. Qxe6 Bc5 25. Re2 Qd3 26. Rbe1 Rg8
27. Re4 h5 28. Nc7 Kg7 29. Ne8+ Kh8 30. Nxf6 Rf8 31. Nxd7 Bxf2+ 32. Kh1 Bxd7
33. Qh6+ Kg8 34. Qg6+ Kh8 35. Qxh5+ Kg8 36. Qg6+ Kh8 37. Qh6+ Kg8 38. Re7 Bd4
39. Qg5+ Kh8 40. Qh5+ Kg8 {1/2-1/2 Goldin,A-Shabalov,A/Mashantucket 2005}) 16.
Qxa7 Bc5 17. axb5 Rg8 {Diagrama #} 18. g3 $2 (18. f4 $1 Qd4 (18... Qxf4 $4 19.
Rf1) 19. Qc7 Bd7 (19... Kf8 20. Ra7 Bd7 21. Qd8+ Kg7 22. Qxh4 Kh7 $13) (19...
Rxg2 $4 20. Qc6+) 20. Ra8+ Nxa8 21. Qb8+ Ke7 22. Qxg8 Nc7) 18... Bxf2+ 19. Kxf2
hxg3+ 20. Ke1 (20. hxg3 Qxg3+ 21. Kf1 Rg5) 20... g2 21. Kd2 Qf4+ $17 22. Kc2
Qf5+ {el ritmo de juego es 90+30 para 40 jugadas y luego 30+30 para el resto.
Repitiendo el molinillo dos veces con una jugada de peón en medio Illescas
ganará 12 jugadas} 23. Kd2 Qg5+ 24. Kc2 Qg6+ 25. Kd2 Qg5+ 26. Kc2 Qf5+ 27. Kd2
Qf4+ 28. Kc2 e5 29. Qb8 (29. Rag1 $2 Bf5+ 30. Kd1 gxh1=Q) 29... Qf5+ 30. Kd2
Qg5+ 31. Kc2 Qg6+ 32. Kd2 Qg5+ 33. Kc2 Qf5+ 34. Kd2 gxh1=Q 35. Rxh1 Rg6 {
Diagrama #} 36. Kc1 $6 (36. Rf1) 36... Kf8 (36... Qf4+ $5 37. Kb1 Kf8 38. Rf1 (
38. h4 Kg7 39. Rf1 Qd4) 38... Qd4 $17) 37. h4 (37. Rf1 $5 Qg5+ 38. Kb1 Rf6 39.
Rxf6 Qxf6 40. Bg4 Qg6+ 41. Ka2 Qxg4 42. Qxb6 Qe6 43. Qc7 Kg7 44. b6 $11) 37...
Kg7 (37... Qf6 $5 38. Nd5 (38. Rf1 Qd6) 38... Nxd5 39. Qxc8+ Kg7 40. Qxc4 Qf2
41. Qe4 Qc5+ 42. Kb1 Nf6 43. Qf5) 38. Rf1 Qe6 39. Bh5 Rf6 40. Rg1+ Kf8 41. Ne4
Qh3 $8 42. Rg8+ Kxg8 43. Nxf6+ Kg7 44. Ne8+ Kf8 45. Qxb6 (45. Nd6 $11) 45...
Qf1+ 46. Kd2 {Diagrama #} Qd3+ (46... Kxe8 47. Qxh6 Qd3+ 48. Ke1 (48. Kc1 Bf5)
48... Qb1+ 49. Bd1 Qe4+ 50. Kd2 Be6 $15) 47. Kc1 Qf1+ (47... Kxe8 48. Qf6 $11)
48. Kd2 Qd3+ 49. Kc1 1/2-1/2

[Event "Buenos Aires"]
[Site "Buenos Aires"]
[Date "1980.??.??"]
[Round "?"]
[White "Timman, Jan H"]
[Black "Ljubojevic, Ljubomir"]
[Result "1-0"]
[WhiteElo "2600"]
[BlackElo "2590"]
[Annotator "Chekhov,V"]
[PlyCount "52"]
[EventDate "1980.10.15"]
[EventType "tourn"]
[EventRounds "13"]
[EventCountry "ARG"]
[EventCategory "13"]
[SourceTitle "MCL"]
[Source "ChessBase"]
[SourceDate "1999.07.01"]
[SourceVersion "1"]
[SourceVersionDate "1999.07.01"]
[SourceQuality "1"]

1. d4 Nf6 2. c4 e6 3. Nf3 d5 4. Nc3 c6 5. Bg5 dxc4 6. e4 b5 7. e5 h6 8. Bh4 g5
9. Nxg5 Nd5 10. Nxf7 Qxh4 11. Nxh8 Bb4 12. Rc1 (12. Qd2 $5 c5 13. dxc5 Nd7 14.
O-O-O Nxe5 15. Qe1 Qg5+ 16. Kb1 Qg7 17. f4 Bxc3 18. bxc3 Nxf4 19. Qg3 Qxg3 20.
hxg3 Nd5 21. Kb2 Ng4 22. Re1 $16 {Minev/}) 12... Qe4+ 13. Be2 Nf4 14. a3 Nxg2+
(14... Ba5 15. Qd2 Nd3+ 16. Kf1 Nxc1 17. Nxe4 $18) 15. Kf1 (15. Kd2 $2 Qf4+ 16.
Kc2 Qf5+ 17. Kd2 Be7) 15... Ne3+ 16. fxe3 Qxh1+ 17. Kf2 Qxh2+ 18. Ke1 Be7 $6 (
18... Bxc3+ 19. bxc3 a5 20. Kd2 b4 21. axb4 axb4 22. cxb4 c3+ 23. Rxc3 Ra2+ 24.
Rc2 Rxc2+ 25. Qxc2 Ba6 26. Qg6+ Kd8 27. Nf7+ Kc7 28. Qh5 Qxe2+ 29. Qxe2 Bxe2
30. Kxe2 Na6 31. Nxh6 Nxb4) 19. Kd2 c5 $6 20. Nxb5 cxd4 21. Rxc4 Na6 (21...
dxe3+ 22. Kc1 Na6 23. Bh5+ Kf8 24. Qf3+ $18) 22. Rxd4 $18 Bc5 (22... Qxe5 $4
23. Bh5+ Kf8 24. Ng6+) 23. Qf1 Bxd4 24. Qf7+ Kd8 25. Nxd4 Qg2 (25... Bd7 26.
Qf8+ Be8 27. Qd6+ $18) 26. Qf8+ Kd7 (26... Kd7 27. Qd6+ Ke8 28. Kc3 $18) 1-0

[Event "Groningen op"]
[Site "Groningen"]
[Date "1993.??.??"]
[Round "1"]
[White "Peek, Marcel"]
[Black "Savchenko, Stanislav"]
[Result "1-0"]
[WhiteElo "2315"]
[BlackElo "2530"]
[Annotator "Chekhov,V"]
[PlyCount "71"]
[EventDate "1993.12.??"]
[EventType "swiss"]
[EventRounds "11"]
[EventCountry "NED"]
[SourceTitle "CBM 039"]
[Source "ChessBase"]
[SourceDate "1994.04.01"]
[SourceVersion "1"]
[SourceVersionDate "1994.04.01"]
[SourceQuality "1"]

1. d4 d5 2. c4 e6 3. Nf3 c6 4. Nc3 Nf6 5. Bg5 dxc4 6. e4 b5 7. e5 h6 8. Bh4 g5
9. exf6 gxh4 10. Ne5 Qxf6 11. g3 Nd7 12. Qe2 c5 (12... Nxe5 $5 13. dxe5 Qe7 14.
Bg2 Bb7 15. O-O-O Bg7 16. f4 O-O 17. Rd6 Rad8 18. Rhd1 Rxd6 19. exd6 Qd8 20.
Ne4 Qa5 21. Kb1 Qb6 22. d7 $1 Rd8 23. f5 c5 24. Nd6 Bxg2 25. fxe6 fxe6 26.
Qxe6+ Kh7 27. Qf5+ Kg8 28. Qg6 Qc6 $1 $10 {Boleslavsky/}) 13. Qe4 $5 $146 (13.
Bg2 cxd4 14. Nxd7 Bxd7 15. Nd5 Qg7 16. Nc7+ Kd8 17. Nxa8 Bb4+ 18. Kf1 d3 19.
Qd1 (19. Qe4 $2 Qxb2 20. Rd1 Bc5 21. Qxh4+ Ke8 $19 {Mosete,J-Klass,G/corr/1955/
}) 19... Qxb2 20. Rb1 Qd2 $1 $17 {Munisic,D-Jovcic,M/corr/1981/0:1 (28) Inf 32/
511/}) 13... Rb8 (13... cxd4 14. Nxd7 Kxd7 15. Qxa8 dxc3 16. Qxa7+ Ke8 17. Bg2
$1 $18) 14. Nc6 Bb7 $6 (14... Rb7 15. d5 $36) 15. Nd5 Qd8 (15... Qg7 16. Nc7#)
16. Nxd8 Bxd5 17. Qf4 Rxd8 (17... Bxh1 18. Nxf7 Rh7 19. Nd6+ Bxd6 20. Qxd6 Rb6
21. Qf4 $16) 18. Rg1 cxd4 $6 (18... Bg7 $5 19. O-O-O (19. dxc5 Bxb2 20. Rb1
Bc3+ 21. Ke2 Nxc5) 19... hxg3 20. Rxg3 Bxd4 21. Rxd4 cxd4 22. Qxd4 Rf8 23. Qg7)
19. Qxd4 Bb4+ 20. Ke2 Ke7 21. Rd1 (21. Qxh4+ $5 $16) 21... Nc5 $6 (21... hxg3
$5) 22. Qxh4+ f6 23. Bh3 Be4 $6 (23... Nd3 $5) 24. Rxd8 Rxd8 25. Rd1 $1 Rxd1 (
25... Bd3+ 26. Ke3 $16) (25... Bf3+ 26. Kxf3 Rxd1 27. Qxh6 f5 28. Qg7+ Kd6 29.
Qxa7 $18) 26. Kxd1 Bf3+ 27. Kc1 Nd3+ 28. Kb1 Bc5 29. a3 $6 (29. Qxh6 Be4 30.
Qg7+ Kd6 31. f3 $18) 29... Nxf2 (29... h5 $5 30. Bf1 Nxf2 31. Qf4 Be4+ 32. Ka2
e5 33. Qh6) 30. Qxh6 Be4+ 31. Ka1 Nxh3 32. Qxh3 e5 33. Qc8 $18 Bd4 34. h4 Kf7
35. h5 Kg7 $2 36. Qg4+ 1-0

[Event "URS-ch50 Final"]
[Site "Moscow"]
[Date "1983.04.08"]
[Round "5"]
[White "Razuvaev, Yuri S"]
[Black "Jussupow, Artur"]
[Result "0-1"]
[WhiteElo "2520"]
[BlackElo "2565"]
[Annotator "Chekhov,V"]
[PlyCount "70"]
[EventDate "1983.04.03"]
[EventType "tourn"]
[EventRounds "17"]
[EventCountry "URS"]
[EventCategory "14"]
[SourceTitle "URS-ch"]
[Source "ChessBase"]
[SourceDate "1999.07.01"]
[SourceVersion "1"]
[SourceVersionDate "1999.07.01"]
[SourceQuality "1"]

1. d4 d5 2. c4 c6 3. Nf3 Nf6 4. Nc3 e6 5. Bg5 dxc4 6. e4 b5 7. e5 h6 8. Bh4 g5
9. Nxg5 hxg5 10. Bxg5 Nbd7 11. exf6 Bb7 12. g3 c5 13. d5 Bh6 $5 14. Bxh6 Rxh6
15. Bg2 $6 (15. Qd2 $1 Qxf6 16. O-O-O Kf8 17. f3 (17. Qe3 $5 exd5 18. Nxd5 Qe6
19. Bg2 $13) (17. Rg1 $5) 17... exd5 18. Nxd5 Qd6 19. Nc7 Qxd2+ 20. Rxd2 Rc8
21. Nxb5 Bxf3 22. Bg2 Bxg2 23. Rxg2 Ne5 {Salov,V-Bareev,E/Madrid/1994/0,5 (23)}
) 15... b4 16. Ne4 Nxf6 17. Qe2 (17. Nxc5 Bxd5 18. O-O (18. Qa4+ Ke7 19. Qxb4
Qb6 20. Qa3 (20. Qxb6 axb6 21. Bxd5 exd5) 20... Bxg2) 18... Bxg2 (18... Qd6 $5)
19. Kxg2 Qd5+ 20. Qxd5 exd5) 17... Bxd5 18. Rd1 Kf8 19. O-O Nxe4 20. Bxe4 Qg5
21. f4 Qh5 22. Bf3 $6 (22. g4 $5 Qh3 23. Bxd5 exd5 24. Rxd5 Re8 25. Re5 Rxe5
26. fxe5 c3 $15) 22... Bxf3 23. Rxf3 c3 $1 24. bxc3 bxc3 25. Re3 Rb8 $17 26. g4
$6 (26. Qxh5 $5 Rxh5 27. Rxc3 Rb2 28. h4 Rxa2 29. Rf1 Rd5 30. Rf2 $17) 26...
Qh4 27. Rxc3 Rb2 $1 $19 28. Qxb2 Qxg4+ 29. Rg3 Qxd1+ 30. Kg2 Qd5+ 31. Kg1 Rh4
$1 32. f5 (32. Qb8+ Ke7 33. Qxa7+ Kf6 $19) 32... Rd4 33. Qb8+ Ke7 34. Re3 (34.
Qxa7+ Kf6 $19) (34. f6+ Kxf6 35. Qh8+ Ke7 $19) 34... Rd1+ 35. Kf2 Qxf5+ 0-1

[Event "Groningen PCA"]
[Site "Groningen"]
[Date "1993.??.??"]
[Round "2"]
[White "Kamsky, Gata"]
[Black "Serper, Grigory"]
[Result "1/2-1/2"]
[WhiteElo "2645"]
[BlackElo "2575"]
[Annotator "Chekhov,V"]
[PlyCount "89"]
[EventDate "1993.12.??"]
[EventType "swiss"]
[EventRounds "11"]
[EventCountry "NED"]
[SourceTitle "CBM 039"]
[Source "ChessBase"]
[SourceDate "1994.04.01"]
[SourceVersion "1"]
[SourceVersionDate "1994.04.01"]
[SourceQuality "1"]

1. d4 {Ftacnik} d5 2. c4 c6 3. Nc3 Nf6 4. Nf3 e6 5. Bg5 dxc4 6. e4 b5 7. e5 h6
8. Bh4 g5 9. Nxg5 hxg5 10. Bxg5 Nbd7 11. g3 Rg8 $5 12. h4 (12. Bh4 $6 Bb7 $1 (
12... Qa5 13. exf6 Ba6 14. a3 O-O-O 15. Bg2 Nc5 16. O-O Nd3 17. Qf3 Bb7 18. b4
Qc7 {Magerramov,E-Savchenko,S/Helsinki/1992/ Inf 55/423/} 19. Qe3 $1 $16) 13.
Bg2 Qc7 14. exf6 O-O-O 15. Qf3 (15. Qh5 $5) 15... b4 $1 16. Ne2 Nb6 17. O-O c5
18. Qxb7+ Qxb7 19. Bxb7+ Kxb7 20. Rfd1 {Magerramov,E-Savchenko,S/Rostov/1993/
Inf 57/422/} Kc6 $5 {/\a5-/+ Savchenko/}) (12. Bxf6 $5 Nxf6 13. exf6 Bb7 14.
Bg2 Qc7 15. Qf3 O-O-O 16. Rd1 $14 {Uhlmann,W-Tischbierek,R/DDR/1981/ Inf 31/
471/}) 12... Rxg5 (12... Bb7 {Ftacnik} 13. Bg2 Rxg5 14. hxg5 Nd5 15. g6 fxg6
16. Qg4 Qe7 17. Qxg6+ Qf7 18. Qxf7+ Kxf7 19. Ne4 Be7 20. Nd6+ Bxd6 21. Rh7+ Kg8
22. Rxd7 Bb4+ 23. Ke2 Bc8 24. Rd8+ $16 {Vladimirov,E-Conquest,S/Alma-Ata (11)/
1989/1-0 (36)}) 13. hxg5 Nd5 14. g6 fxg6 15. Qg4 (15. Rh7 Qa5 16. Qf3 Kd8 (
16... Qb4 17. Rd1 Qxb2 18. Nxd5 cxd5 19. Bh3 $16) (16... Bb4 17. Bh3 Bxc3+ 18.
Kf1 $16) (16... Be7 $5 {/\Nf8<=>/}) 17. Bh3 Bb4 18. Kf1 Bxc3 19. Bxe6 $1 $16 {
Knaak,R-Tischbierek,R/DDR/1981/ Inf 31/470/}) 15... Qe7 (15... Qa5 $2 16. Qxe6+
Kd8 17. Bg2 $3 Nxc3 18. Kf1 Nd5 19. Qxc6 N5b6 20. Rh8 Qb4 21. e6 Rb8 22. exd7
$16 {Knaak,R-Van der Wiel,J/Lugano/1989/1:0 (33) Inf 47/517/}) (15... Kf7 $2
16. Rh8 $1 $18) 16. Rh8 $5 $146 (16. Qxg6+ Qf7 17. Qxf7+ Kxf7 18. O-O-O (18.
Bg2 {Yusupov,A-Chekhov,V/SSSR/1980/ Inf 30/566/} Bb7 $5 {/\c5 Ysupov/} (18...
Bb4 {Ftacnik} 19. Kd2 Nf8 20. f4 Bd7 21. Raf1 Rd8 22. Bxd5 cxd5 23. g4 Ba5 24.
f5 $13 {Piesina,G-Khenkin,I/Pardubice op (2)/1993/0.5 (28)}) (18... N7b6 19.
Ne4 Bd7 20. Ke2 Bg7 21. Nd6+ Kg8 22. Rh5 Na4 23. Rg5 Nxb2 24. Bxd5 $16 {
Yusupov,A-Chekhov,V/USSR ch/1980/1-0 (34)}) (18... Nxc3 19. bxc3 Rb8 20. Bxc6
Bb7 21. Rh7+ Kg6 22. Rxd7 Bxc6 23. Rxa7 Bf3 24. Kd2 $14 {Shirov,A-Stisis,Y/
London LB (01)/1991/1-0 (43)})) 18... Nxc3 19. bxc3 Ba3+ (19... Nb6 20. Re1 Bd7
21. Be2 Bg7 22. Bh5+ Ke7 23. Bg6 Be8 24. Be4 $14 {Knaak,R-Hertneck,G/Potsdam
DDR-FRG/1988/1-0 (35)}) 20. Kc2 Nf8 21. Bg2 Bd7 22. f4 Rb8 $1 $132 {Arbakov,
V-Savchenko,S/SSSR/1989/ Inf 47/517/}) (16. Bg2 $5 Qf7 17. Be4 Ne7 18. O-O-O $6
(18. Nxb5 $5 cxb5 19. Bxa8 Nb6 20. Be4 Nbd5 $13) 18... Ba6 $1 19. Ne2 Bg7 20.
Nf4 Nf8 $15 {Beliavsky,A-Kramnik,V/Linares/1993/0:1 (59) Inf 57/422/}) 16...
Nxc3 (16... Qf7 17. Ne4 $1) 17. bxc3 Qf7 18. Bg2 Bb7 19. Be4 O-O-O 20. Bxg6 Qe7
(20... Qg7 {Ftacnik} 21. Rh7 Qg8 22. Qh5 $36) 21. a4 $1 (21. Rh7 Qa3) 21... a6
22. Rh7 Bg7 $13 23. Be4 (23. Bf5 $5 exf5 24. Qxg7 Qxg7 25. Rxg7 Nb6 26. axb5
cxb5 27. Rf7 b4 $1 $132) 23... Rg8 24. Qf3 $5 (24. Ke2 $5 Nf8 $1 25. Rh5 Qf7
$132) 24... Kc7 25. axb5 axb5 26. Rh4 $6 (26. Ra7 Nb8 $1 (26... Kb6 27. Rxb7+
Kxb7 28. Bxc6+ Kb6 29. Bxb5 Kxb5 30. Qb7+ Ka4 (30... Ka5 31. Qa7+ $10) 31. Qa6+
Kb3 32. Kd2 Rb8 33. Rh1)) 26... Rf8 27. Rf4 Bh6 (27... Rxf4 28. gxf4 $36) (
27... Nb6 $5) 28. Rxf8 Bxf8 (28... Qxf8 29. Qg4) 29. Ke2 Bh6 (29... Kb6 $5) 30.
Rh1 Qa3 $1 31. Rxh6 Qb2+ 32. Kd1 (32. Kf1 Qc1+ $17) 32... Qa1+ 33. Kd2 Qb2+ 34.
Bc2 c5 35. d5 (35. Qe3 b4 $36) 35... Bxd5 36. Qe3 b4 37. cxb4 (37. Rh7 Kc6 38.
cxb4 cxb4 39. Qa7 c3+) 37... cxb4 38. Qa7+ Kc6 39. Qa4+ Kb6 $1 40. Qxd7 Qc3+
$10 41. Kc1 Qe1+ 42. Bd1 Qc3+ 43. Bc2 Qa1+ 44. Kd2 Qc3+ 45. Kc1 1/2-1/2

[Event "Groningen op"]
[Site "Groningen"]
[Date "1993.??.??"]
[Round "9"]
[White "Kolev, Atanas"]
[Black "Nalbandian, Tigran"]
[Result "1-0"]
[WhiteElo "2500"]
[BlackElo "2485"]
[Annotator "Chekhov,V"]
[PlyCount "125"]
[EventDate "1993.12.??"]
[EventType "swiss"]
[EventRounds "11"]
[EventCountry "NED"]
[SourceTitle "CBM 039"]
[Source "ChessBase"]
[SourceDate "1994.04.01"]
[SourceVersion "1"]
[SourceVersionDate "1994.04.01"]
[SourceQuality "1"]

1. d4 d5 2. c4 c6 3. Nf3 Nf6 4. Nc3 e6 5. Bg5 dxc4 6. e4 b5 7. e5 h6 8. Bh4 g5
9. Nxg5 hxg5 10. Bxg5 Nbd7 11. g3 Bb7 12. Bg2 Qb6 13. exf6 c5 14. d5 O-O-O 15.
O-O b4 16. Na4 Qb5 17. a3 Nb8 18. axb4 cxb4 19. Qd4 (19. Qg4 $5 Bxd5 20. Rfc1
Nd7 21. Qf4 $1 Nc5 $8 22. Nxc5 Bxc5 23. Bf1 $16 {Magerramov,E-Savchenko,S/
S-Peterburg/1992/1:0 (29) Inf 54/427/}) 19... Nc6 20. dxc6 $5 (20. Qg4 $2 Rxd5
$1 21. Bxd5 Qxd5 $17) (20. Nb6+ $6 axb6 21. dxc6 Bxc6 22. Bxc6 Qxc6 23. Qg4 Kb7
$1 $15) 20... Rxd4 21. cxb7+ Kc7 $5 $146 (21... Kb8 22. Be3 e5 23. b3 $1 c3 24.
Rad1 $16 {Krausser,H-Guthes,J/corr/1990/1:0 (33) Inf 49/490/}) 22. Be3 Rd3 (
22... e5 23. b3 $1 Bh6 24. Bxd4 exd4 25. bxc4 $16) (22... Rd5 23. Bxa7 Bd6 (
23... Kxb7 24. Nb6 Bd6 25. Rfd1 $1 Rhh5 26. Rdc1 $16) 24. Nb6 Bc5 $1 25. Nxd5+
exd5 26. b8=Q+ (26. Bxc5 Qxc5 27. Rfd1 Rh5) 26... Rxb8 27. Bxb8+ Kxb8 28. Bxd5
Bxf2+ $14) 23. Bxa7 Bd6 24. Rfc1 Be5 (24... Kd7 25. Nb6+ $18) 25. Bb6+ Kd6 (
25... Kb8 26. Nc5 $18) 26. Bc5+ Kc7 (26... Kd7 27. Nb6+ Kc7 28. Nxc4) 27. Bb6+
Kd6 28. Bf1 Bd4 (28... Rd5 29. Bxc4 $18) (28... Rd2 29. Bxc4 Qd7 30. Bc5+ Kc7
31. Be3) (28... Rd4 29. Bxd4 Bxd4 30. Rxc4) 29. Bxd3 Bxb6 30. Nxb6 Qxb6 (30...
cxd3 31. Ra8) 31. Ra8 $18 cxd3 32. Rxh8 d2 33. Rd1 Qxb7 34. Rxd2+ Ke5 35. Rh4
b3 (35... Kxf6 36. Rdd4 b3 37. Rb4 Qd5 38. Rhd4) 36. Rf4 Qc6 37. Re2+ Kd5 38.
Rf3 Qc4 39. Rd2+ (39. Ree3 $18) 39... Ke5 40. Rc3 Qa4 41. Rf3 Qg4 42. Rdd3 Qh5
43. Rxb3 Qh8 44. Kg2 Qa8 45. h4 Qh8 46. Rb5+ Kd4 47. Rb4+ Ke5 48. Rg4 Kd6 49.
Rg7 Qh5 50. Rg5 Qh6 51. b4 e5 52. Rd3+ Ke6 53. Ra3 Qh7 54. Re3 Kxf6 55. Rgxe5
Qh8 56. R5e4 Qa8 57. Rf3+ Kg7 58. Rg4+ Kh6 59. Rgf4 Qb7 60. Rxf7 Qa8 61. Kh3
Qe4 62. R3f6+ Kh5 63. Rh7+ (63. Rh7+ Qxh7 64. g4#) 1-0